Tecnología básica del automovil : (motor) / Luis Povedano Pérez (motor) / Luis Povedano Pérez
Descripción Física:
45 f. : il. ; 30 cm
Materias:
Automòbils -- Motors
MARC
| LEADER | 00000nam a2200000Ia 4500 | ||
|---|---|---|---|
| 001 | 2019 | ||
| 003 | BGR | ||
| 005 | 20260324175212.0 | ||
| 008 | 160829s9999 xx 000 0 cat d | ||
| 080 | |a C-1-45 | ||
| 100 | |a Povedano Pérez, Luis |9 20031 | ||
| 245 | |a Tecnología básica del automovil : |b (motor) / Luis Povedano Pérez | ||
| 260 | |a Barcelona : |b Diputació de Barcelona, [Escola d'Arts i Oficis], [198 - ?] | ||
| 300 | |a 45 f. : |b il. ; |c 30 cm | ||
| 650 | |a Automòbils |x Motors |9 20032 | ||
| 710 | 2 | |a Escola d'Arts i Oficis (Barcelona, Catalunya) |9 55874 | |
| 901 | |a Arxiu | ||
| 942 | |n 1 |2 udc |c MON | ||
| 952 | |0 0 |1 0 |4 0 |6 C145 |7 1 |9 41411 |a Arxiu |b Arxiu |d 2016-12-01 |l 0 |o C-1-45 |p 2019 |r 2016-12-01 00:00:00 |w 2016-12-01 |y ARXIU | ||
| 999 | |c 43218 |d 43218 | ||